Internet for everyone/ (Record no. 4688)

MARC details
000 -LEADER
fixed length control field 00585cam a2200217ua 4500
005 - DATE AND TIME OF LATEST TRANSACTION
control field 20220919125539.0
008 - FIXED-LENGTH DATA ELEMENTS--GENERAL INFORMATION
fixed length control field 131002n ii |||gr||||Z||||||eng
020 ## - INTERNATIONAL STANDARD BOOK NUMBER
International Standard Book Number 9788182092181
040 ## - CATALOGING SOURCE
Transcribing agency MAIN
Original cataloging agency IN-DiNC
041 ## - LANGUAGE CODE
Language code of sung or spoken text English
082 ## - DEWEY DECIMAL CLASSIFICATION NUMBER
Classification number 004.678
Item number LEO
100 ## - MAIN ENTRY--PERSONAL NAME
Personal name Leon, Alexis
Relator term Author
245 11 - TITLE STATEMENT
Title Internet for everyone/
Statement of responsibility, etc. by Alexis Leon and Mathews Leon
260 ## - PUBLICATION, DISTRIBUTION, ETC.
Place of publication, distribution, etc. Chennai:
Name of publisher, distributor, etc. Leon Techworld,
Date of publication, distribution, etc. 1998.
300 ## - PHYSICAL DESCRIPTION
Extent viii,173p.
650 ## - SUBJECT ADDED ENTRY--TOPICAL TERM
Topical term or geographic name entry element Internet
700 1# - ADDED ENTRY--PERSONAL NAME
Personal name Leon, Mathews
Relator term Author
942 ## - ADDED ENTRY ELEMENTS (KOHA)
Koha item type Books
Source of classification or shelving scheme Dewey Decimal Classification
653 ## - INDEX TERM--UNCONTROLLED
Uncontrolled term computer science
653 ## - INDEX TERM--UNCONTROLLED
Uncontrolled term internet for everyone
Holdings
Withdrawn status Lost status Damaged status Not for loan Home library Current library Shelving location Date acquired Total Checkouts Full call number Barcode Date last seen Copy number Price effective from Koha item type Source of classification or shelving scheme Collection code Cost, normal purchase price
        Central Library, Naharkatiya College Central Library, Naharkatiya College General Stacks 19/09/2020   004.678 | LEO 20994 19/09/2020 1 19/09/2020 Books      
        Central Library, Naharkatiya College Central Library, Naharkatiya College General Stacks 19/09/2022   004.678 LEO 29112 19/09/2022 2 19/09/2022 Books Dewey Decimal Classification Information Technology 275.00
        Central Library, Naharkatiya College Central Library, Naharkatiya College General Stacks 19/09/2022   004.678 LEO 29113 19/09/2022 3 19/09/2022 Books Dewey Decimal Classification Information Technology 275.00
        Central Library, Naharkatiya College Central Library, Naharkatiya College General Stacks 19/09/2022   004.678 LEO 29114 19/09/2022 4 19/09/2022 Books Dewey Decimal Classification Information Technology 275.00

Naharkatiya College © 2020. All rights reserved.

Powered By